[Event "Krakow op-A 34th"]
[Site "Krakow"]
[Date "2024.01.03"]
[Round "8"]
[White "Akbas, Umut Ata"]
[Black "Bogdanov, Egor"]
[Result "1/2-1/2"]
[WhiteElo "2446"]
[BlackElo "2394"]
[PlyCount "75"]
[EventDate "2023.12.27"]
[EventType "swiss"]
[EventRounds "9"]
[EventCountry "POL"]
[SourceTitle "CB02_2024"]
[SourceDate "2024.01.10"]
[SourceVersion "1"]
[SourceVersionDate "2024.01.10"]
[SourceQuality "1"]

1. d4 Nf6 2. c4 e6 3. Nc3 Bb4 4. Qc2 0-0 5. a3 Bxc3+ 6. Qxc3 b6 7. Bg5 Bb7 8. f3 d5 9. e3 dxc4 10. Bxc4 Nbd7 11. Nh3 h6 12. Bh4 c5 13. dxc5 Nxc5 14. Rd1 Nd5 15. Qd4 Nxe3 16. Qxd8 Raxd8 17. Bxd8 Nxd1 18. Be7 Re8 19. Bxc5 Nxb2 20. Bb5 Rd8 21. Bg1 Rd1+ 22. Kf2 e5 23. Ke3 f5 24. Nf2 Rd5 25. a4 a6 26. Bd3 e4 27. fxe4 Rxd3+ 28. Nxd3 Nxd3 29. Bf2 Bxe4 30. Ra1 b5 31. axb5 axb5 32. Ra5 Ne5 33. Rxb5 Ng4+ 34. Ke2 Nxh2 35. g3 g5 36. Rb6 Ng4 37. Bd4 Kf7 38. Bc3 1/2-1/2

[Event "Krakow op-A 34th"]
[Site "Krakow"]
[Date "2024.01.02"]
[Round "6"]
[White "Bogdanov, Egor"]
[Black "Polak, Tomas"]
[Result "1-0"]
[WhiteElo "2394"]
[BlackElo "2517"]
[PlyCount "157"]
[EventDate "2023.12.27"]
[EventType "swiss"]
[EventRounds "9"]
[EventCountry "POL"]
[SourceTitle "CB02_2024"]
[SourceDate "2024.01.10"]
[SourceVersion "1"]
[SourceVersionDate "2024.01.10"]
[SourceQuality "1"]

1. e4 e5 2. Bc4 Nf6 3. d3 c6 4. Nf3 d5 5. Bb3 Bd6 6. Nc3 dxe4 7. Ng5 0-0 8. Ngxe4 Nxe4 9. Nxe4 Bf5 10. Qf3 Bxe4 11. dxe4 Nd7 12. c3 Nc5 13. Bc2 a5 14. 0-0 Qe7 15. Be3 Rfd8 16. Rad1 Bc7 17. Qg4 Ne6 18. Bb3 a4 19. Bxe6 Qxe6 20. Qxe6 fxe6 21. Bg5 Rxd1 22. Rxd1 Rf8 23. Kf1 h6 24. Be7 Rf7 25. Bc5 b6 26. Be3 Kf8 27. b3 axb3 28. axb3 Ke8 29. Ra1 Kd7 30. Ra8 c5 31. c4 Kc6 32. Ke2 Bd6 33. Bd2 Rf8 34. Rxf8 Bxf8 35. Bc3 Kd6 36. g3 g6 37. Kd3 Be7 38. b4 Bd8 39. bxc5+ bxc5 40. Kc2 Bc7 41. Kb3 h5 42. Ka4 Kc6 43. Ba5 Bd6 44. Bd8 Kd7 45. Bf6 Kc6 46. Ka5 Bb8 47. Ka6 Bc7 48. Be7 Bb8 49. Bd8 Bd6 50. f3 Bf8 51. Bf6 Bd6 52. Ka7 Bc7 53. Be7 Ba5 54. Kb8 Bb6 55. Kc8 Ba5 56. Bd8 Bc3 57. Bc7 Bd4 58. Ba5 Bg1 59. h3 Bf2 60. g4 Bh4 61. Bc3 Kd6 62. Kb7 Bf2 63. Kb6 Be3 64. Kb5 Bf4 65. Ba5 Bg5 66. Bb6 Be3 67. Bd8 Bd4 68. Bg5 Kd7 69. Bh6 Ke7 70. Kc6 Kf6 71. Kd7 Kf7 72. Bg5 Bf2 73. Kd6 Bd4 74. Bh4 Bg1 75. Bg3 Kf6 76. Bxe5+ Kg5 77. Bg3 Kf6 78. Bh4+ Kf7 79. Bd8 1-0

[Event "Opole AZS op 1st"]
[Site "Opole"]
[Date "2023.08.15"]
[Round "1"]
[White "Bogdanov, Egor"]
[Black "Jasik, Jerzy"]
[Result "1-0"]
[WhiteElo "2358"]
[BlackElo "1313"]
[PlyCount "47"]
[EventDate "2023.08.15"]
[EventType "swiss (rapid)"]
[EventRounds "9"]
[EventCountry "POL"]
[SourceTitle "EXT 2024"]
[Source "ChessBase"]
[SourceDate "2023.10.10"]
[SourceVersion "1"]
[SourceVersionDate "2023.10.10"]
[SourceQuality "1"]

1. e4 e5 2. d4 exd4 3. Nf3 Nf6 4. e5 Nd5 5. Qxd4 c6 6. Bc4 b6 7. Bxd5 cxd5 8. Qxd5 Nc6 9. 0-0 Bc5 10. Nc3 0-0 11. Ne4 d6 12. Nxc5 bxc5 13. Qxc6 Rb8 14. Qxd6 Bb7 15. Qxd8 Rbxd8 16. Be3 Bxf3 17. gxf3 f6 18. Bxc5 Rfe8 19. exf6 Re6 20. Be7 Rd5 21. Rfe1 Rg5+ 22. Kf1 Rc6 23. f7+ Kxf7 24. Bxg5 1-0

[Event "Opole AZS op 1st"]
[Site "Opole"]
[Date "2023.08.15"]
[Round "6"]
[White "Dwilewicz, Katarzyna"]
[Black "Bogdanov, Egor"]
[Result "0-1"]
[WhiteElo "2062"]
[BlackElo "2358"]
[PlyCount "70"]
[EventDate "2023.08.15"]
[EventType "swiss (rapid)"]
[EventRounds "9"]
[EventCountry "POL"]
[SourceTitle "EXT 2024"]
[Source "ChessBase"]
[SourceDate "2023.10.10"]
[SourceVersion "1"]
[SourceVersionDate "2023.10.10"]
[SourceQuality "1"]

1. e4 g6 2. d4 Bg7 3. Nc3 d6 4. Be3 a6 5. Qd2 b5 6. f3 Nd7 7. 0-0-0 Bb7 8. Kb1 c5 9. dxc5 dxc5 10. g4 Qc7 11. Nd5 Qc6 12. Bf4 Rc8 13. Ne2 e6 14. Ne3 Ne7 15. Bg2 Nb6 16. h4 c4 17. c3 b4 18. Bd6 Rd8 19. e5 Bxe5 20. Bxe5 Rxd2 21. Rxd2 0-0 22. h5 f6 23. Bg3 bxc3 24. Nxc3 Ned5 25. Nexd5 Nxd5 26. Nxd5 exd5 27. hxg6 hxg6 28. f4 Qe6 29. f5 Qe3 30. Be1 gxf5 31. gxf5 Re8 32. Kc1 c3 33. bxc3 Qxc3+ 34. Kd1 Qa1+ 35. Kc2 Rxe1 0-1

[Event "Wroclaw Anderssen Memorial op-A"]
[Site "Wroclaw"]
[Date "2023.08.11"]
[Round "7"]
[White "Zhuk, Ivan"]
[Black "Bogdanov, Egor"]
[Result "1-0"]
[WhiteElo "2019"]
[BlackElo "2397"]
[PlyCount "81"]
[EventDate "2023.08.06"]
[EventType "swiss"]
[EventRounds "9"]
[EventCountry "POL"]
[SourceTitle "CBM 215 Extra"]
[Source "ChessBase"]
[SourceDate "2023.09.30"]
[SourceVersion "1"]
[SourceVersionDate "2023.09.30"]
[SourceQuality "1"]

1. e4 c5 2. Nf3 Nc6 3. d4 cxd4 4. Nxd4 g6 5. Nc3 Bg7 6. Be3 Nf6 7. Bc4 0-0 8. 0-0 d6 9. h3 Bd7 10. Bb3 Rc8 11. Re1 Na5 12. Bg5 Nc4 13. Rb1 Nxb2 14. Qd2 Nc4 15. Bxc4 Rxc4 16. Rxb7 Qa8 17. Rb3 h6 18. Bxf6 Bxf6 19. Nf3 Bg7 20. Nd5 Re8 21. Reb1 Qd8 22. Rb7 Rxe4 23. Qd3 Ra4 24. Rb8 Qxb8 25. Rxb8 Rxb8 26. Nxe7+ Kh7 27. Qxd6 Rab4 28. Qxd7 Rb1+ 29. Kh2 R1b7 30. Qd6 Bf8 31. Qf4 f5 32. Nd5 Rd8 33. Qd4 Rd6 34. Nf6+ Kh8 35. Qe5 Rd8 36. Nh4 Kg7 37. Nd5+ Kh7 38. Qe6 Rg7 39. Nf6+ Kh8 40. Ne8 Rg8 41. Qf6+ 1-0

[Event "Wroclaw Anderssen Memorial op-A"]
[Site "Wroclaw"]
[Date "2023.08.06"]
[Round "2"]
[White "Bogdanov, Egor"]
[Black "Dubeck, Michael"]
[Result "1-0"]
[WhiteElo "2397"]
[BlackElo "2154"]
[PlyCount "61"]
[EventDate "2023.08.06"]
[EventType "swiss"]
[EventRounds "9"]
[EventCountry "POL"]
[SourceTitle "CBM 215 Extra"]
[Source "ChessBase"]
[SourceDate "2023.09.30"]
[SourceVersion "1"]
[SourceVersionDate "2023.09.30"]
[SourceQuality "1"]

1. e4 e6 2. d4 d5 3. exd5 exd5 4. c4 Nf6 5. Nc3 Be7 6. Nf3 0-0 7. cxd5 Nxd5 8. Bd3 Nc6 9. 0-0 Be6 10. a3 Nxc3 11. bxc3 Bd5 12. Re1 Bf6 13. Bf4 Qd7 14. Nd2 Rfe8 15. Ne4 Be7 16. Qh5 g6 17. Qh6 Bxe4 18. Bxe4 Bf6 19. Qh3 Qxh3 20. gxh3 Rac8 21. Bxc6 bxc6 22. Rxe8+ Rxe8 23. Rb1 c5 24. dxc5 c6 25. Rb7 Ra8 26. Rc7 Bxc3 27. Rxc6 Bd4 28. Rc7 a6 29. c6 Kf8 30. Bd6+ Kg8 31. Rb7 1-0

[Event "Cesme op-A 9th"]
[Site "Cesme"]
[Date "2023.06.19"]
[Round "1"]
[White "Bogdanov, Egor"]
[Black "Odeev, Handszar"]
[Result "1-0"]
[WhiteElo "2398"]
[BlackElo "2245"]
[PlyCount "83"]
[EventDate "2023.06.19"]
[EventType "swiss"]
[EventRounds "9"]
[EventCountry "TUR"]
[SourceTitle "CBM 214 Extra"]
[Source "ChessBase"]
[SourceDate "2023.07.31"]
[SourceVersion "1"]
[SourceVersionDate "2023.07.31"]
[SourceQuality "1"]

1. e4 e5 2. Nf3 d6 3. d4 exd4 4. Nxd4 Nf6 5. Be2 Be7 6. Nc3 0-0 7. 0-0 Re8 8. f4 Bf8 9. Bf3 c5 10. Nb3 Nc6 11. Re1 Bd7 12. Be3 Rb8 13. Kh1 b5 14. e5 dxe5 15. Nxc5 Bxc5 16. Bxc5 exf4 17. Bd6 Rc8 18. Rxe8+ Qxe8 19. Nxb5 Qe3 20. Qf1 Ne4 21. Bxe4 Qxe4 22. c4 f3 23. gxf3 Qc2 24. b3 Re8 25. Bg3 h5 26. Qd1 Qxd1+ 27. Rxd1 Bh3 28. Re1 Rd8 29. Nd6 h4 30. Bf4 Rd7 31. c5 Nd4 32. b4 Nxf3 33. Re3 Bg4 34. h3 Bh5 35. c6 Rc7 36. b5 g5 37. Bh2 a6 38. Ne8 Rc8 39. Nf6+ Kh8 40. Nxh5 Nxh2 41. b6 Rxc6 42. b7 1-0

[Event "Malakhatko Memorial op"]
[Site "Chess.com INT"]
[Date "2023.06.14"]
[Round "6"]
[White "Sharapov, Evgeny"]
[Black "Bogdanov, Egor"]
[Result "0-1"]
[WhiteElo "2375"]
[BlackElo "2398"]
[PlyCount "102"]
[EventDate "2023.06.14"]
[EventType "swiss (blitz)"]
[EventRounds "11"]
[EventCountry "USA"]
[SourceTitle "CBM 214 Extra"]
[Source "ChessBase"]
[SourceDate "2023.07.31"]
[SourceVersion "1"]
[SourceVersionDate "2023.07.31"]
[SourceQuality "1"]

1. e4 c5 2. Nf3 g6 3. d4 Bg7 4. dxc5 Qa5+ 5. c3 Qxc5 6. Na3 Qc7 7. Nb5 Qd8 8. Bf4 d6 9. e5 a6 10. Nbd4 dxe5 11. Bxe5 Nf6 12. Bc4 0-0 13. 0-0 b5 14. Bb3 Bb7 15. Qe2 Nbd7 16. Bg3 Nc5 17. Bc2 Re8 18. Rad1 Qb6 19. Rfe1 Rad8 20. Nb3 Na4 21. Bb1 Bd5 22. Nbd4 Bc4 23. Qc2 Nc5 24. b3 Bd5 25. Ne5 Qb7 26. f3 Nfd7 27. Nxd7 Rxd7 28. Be5 Bh6 29. Qf2 Ne6 30. Nxe6 Bxe6 31. Rxd7 Qxd7 32. Bd4 Bf5 33. Bxf5 Qxf5 34. Qh4 Bd2 35. Rd1 Qc2 36. Rf1 Bxc3 37. Bxc3 Qxc3 38. Kh1 e5 39. Qe4 a5 40. f4 Qd4 41. Qc6 Re6 42. Qxb5 e4 43. f5 Rf6 44. fxg6 Rxf1+ 45. Qxf1 hxg6 46. g3 Qd2 47. Qf4 e3 48. Kg1 Qd1+ 49. Kg2 e2 50. Qb8+ Kh7 51. Qf8 Qf1# 0-1

[Event "Malopolska-ch"]
[Site "Krakow"]
[Date "2023.06.10"]
[Round "5"]
[White "Sieciechowicz, Marcin"]
[Black "Bogdanov, Egor"]
[Result "1/2-1/2"]
[WhiteElo "2387"]
[BlackElo "2398"]
[PlyCount "64"]
[EventDate "2023.06.08"]
[EventType "swiss"]
[EventRounds "7"]
[EventCountry "POL"]
[SourceTitle "CBM 214 Extra"]
[Source "ChessBase"]
[SourceDate "2023.07.31"]
[SourceVersion "1"]
[SourceVersionDate "2023.07.31"]
[SourceQuality "1"]

1. d4 Nf6 2. c4 e6 3. Nc3 Bb4 4. Qc2 0-0 5. Nf3 c5 6. dxc5 Na6 7. g3 Nxc5 8. Bg2 Nce4 9. 0-0 Nxc3 10. bxc3 Be7 11. e4 d6 12. e5 dxe5 13. Nxe5 Qc7 14. Qe2 Bd6 15. Bf4 Nd7 16. Rfe1 Nxe5 17. Bxe5 Bxe5 18. Qxe5 Qxc4 19. Rad1 a5 20. h4 f6 21. Qd6 Qxc3 22. a3 Ra6 23. Qe7 f5 24. Re3 Qf6 25. Qc7 Qf7 26. Rc3 Qxc7 27. Rxc7 Ra8 28. Re7 Rb8 29. Rc1 Rf7 30. Re8+ Rf8 31. Re7 Rf7 32. Re8+ Rf8 1/2-1/2

[Event "Malopolska-ch"]
[Site "Krakow"]
[Date "2023.06.09"]
[Round "4"]
[White "Bogdanov, Egor"]
[Black "Kacprzak, Karol1111"]
[Result "1-0"]
[WhiteElo "2398"]
[BlackElo "2229"]
[PlyCount "95"]
[EventDate "2023.06.08"]
[EventType "swiss"]
[EventRounds "7"]
[EventCountry "POL"]
[SourceTitle "CBM 214 Extra"]
[Source "ChessBase"]
[SourceDate "2023.07.31"]
[SourceVersion "1"]
[SourceVersionDate "2023.07.31"]
[SourceQuality "1"]

1. e4 c5 2. d4 cxd4 3. Qxd4 Nc6 4. Qd3 Nf6 5. Nc3 g6 6. Nf3 Bg7 7. Be2 0-0 8. 0-0 d6 9. Nd5 Bg4 10. c3 Nd7 11. h3 Nde5 12. Nxe5 Nxe5 13. Qd1 Bxe2 14. Qxe2 e6 15. Ne3 f5 16. exf5 gxf5 17. Nc4 Qc7 18. Nxe5 dxe5 19. Bg5 Rf7 20. Rad1 a6 21. Rd2 Re8 22. Rfd1 Bf8 23. Qh5 Qc6 24. Rd8 Rxd8 25. Rxd8 Rd7 26. Ra8 b5 27. Rb8 Rb7 28. Rxb7 Qxb7 29. Qe8 Qf7 30. Qb8 Qg7 31. Be3 Kf7 32. f3 Kg6 33. Qc8 Qe7 34. Qxa6 Qd7 35. Qa8 Bg7 36. Kh2 h6 37. Qg8 Qd5 38. h4 Qd7 39. Bc5 e4 40. Bf8 exf3 41. Bxg7 Kh5 42. Qh7 Qd6+ 43. Kh3 Qf4 44. Qxh6+ Qxh6 45. Bxh6 f2 46. g4+ fxg4+ 47. Kg2 Kxh6 48. Kxf2 1-0

[Event "Legnica Voivoda Cup 37th"]
[Site "Legnica"]
[Date "2023.06.05"]
[Round "8"]
[White "Bogdanov, Egor"]
[Black "Seemann, Jakub"]
[Result "1/2-1/2"]
[WhiteElo "2394"]
[BlackElo "2446"]
[PlyCount "160"]
[EventDate "2023.05.30"]
[EventType "tourn"]
[EventRounds "9"]
[EventCountry "POL"]
[EventCategory "7"]
[SourceTitle "CBM 214 Extra"]
[Source "ChessBase"]
[SourceDate "2023.07.31"]
[SourceVersion "1"]
[SourceVersionDate "2023.07.31"]
[SourceQuality "1"]

1. e4 c5 2. d4 cxd4 3. Qxd4 Nc6 4. Qd3 g6 5. Nc3 Bg7 6. Nf3 Nf6 7. Be2 0-0 8. 0-0 d6 9. Nd5 Nd7 10. c3 e6 11. Ne3 Nc5 12. Qc2 d5 13. exd5 exd5 14. Rd1 Be6 15. Bc4 dxc4 16. Rxd8 Rfxd8 17. Ng5 Bc8 18. Ne4 Nxe4 19. Qxe4 Be6 20. Qc2 Rd3 21. Nf1 b5 22. a3 a5 23. Bf4 Rad8 24. Re1 Bf5 25. Qe2 b4 26. axb4 axb4 27. Bg5 Rc8 28. Ng3 bxc3 29. Nxf5 gxf5 30. bxc3 Bxc3 31. Rb1 Nd4 32. Qh5 Ne6 33. Bh6 Bg7 34. Bxg7 Nxg7 35. Qe2 Ne6 36. Rc1 Rb3 37. Qd1 Rd8 38. Qh5 Rb5 39. h4 Rc5 40. Qf3 Rd3 41. Qe2 Rd4 42. h5 c3 43. Rc2 Rdc4 44. h6 Kf8 45. Qe3 Ke7 46. Qg3 Kf6 47. Qg8 Rc8 48. Qxh7 Rd8 49. Kf1 Rcc8 50. g4 fxg4 51. Qe4 Rd2 52. Rxd2 cxd2 53. Ke2 Rd8 54. Kd1 Rd4 55. Qh1 Rd8 56. Qh5 Rh8 57. Kxd2 Ng5 58. Ke3 Kf5 59. Kd4 Rd8+ 60. Kc5 Kf4 61. Qh2+ Kf5 62. Qh5 Kf4 63. Kc6 f5 64. Qh2+ Ke4 65. Qc7 Rd3 66. Qe7+ Kf4 67. h7 Nxh7 68. Qxh7 Rh3 69. Qg7 Kf3 70. Qd4 Kg2 71. Kd5 Rf3 72. Ke5 Rxf2 73. Kf6 g3 74. Kg5 f4 75. Kg4 Kh1 76. Qd1+ Kh2 77. Qe1 Kg2 78. Qe4+ Kh2 79. Qe1 Kg2 80. Qe4+ Kh2 1/2-1/2

[Event "Legnica Voivoda Cup 37th"]
[Site "Legnica"]
[Date "2023.06.01"]
[Round "4"]
[White "Bogdanov, Egor"]
[Black "Golubka, Petr"]
[Result "1/2-1/2"]
[WhiteElo "2394"]
[BlackElo "2371"]
[PlyCount "61"]
[EventDate "2023.05.30"]
[EventType "tourn"]
[EventRounds "9"]
[EventCountry "POL"]
[EventCategory "7"]
[SourceTitle "CBM 214 Extra"]
[Source "ChessBase"]
[SourceDate "2023.07.31"]
[SourceVersion "1"]
[SourceVersionDate "2023.07.31"]
[SourceQuality "1"]

1. d4 d5 2. Nf3 e6 3. Bf4 Bd6 4. Bxd6 cxd6 5. e3 b6 6. Bb5+ Bd7 7. Bxd7+ Qxd7 8. 0-0 f5 9. a4 a5 10. Qe2 Nf6 11. c4 dxc4 12. Qxc4 Nc6 13. Nc3 Nb4 14. Nb5 Nfd5 15. Rac1 0-0 16. Qb3 Rac8 17. Nd2 Qe7 18. Rc4 Rxc4 19. Nxc4 Rd8 20. Nc3 h6 21. Na3 Nf6 22. Rc1 Rc8 23. Ne2 Rxc1+ 24. Nxc1 d5 25. Qc3 Kf7 26. Nd3 Nxd3 27. Qxd3 Ne4 28. f3 Nd6 29. g3 g5 30. Qc3 Qd7 31. b3 1/2-1/2

[Event "Wroclaw Anderssen Memorial"]
[Site "Wroclaw"]
[Date "2022.07.30"]
[Round "9"]
[White "Bogdanov, Egor"]
[Black "Sabuk, Piotr"]
[Result "1-0"]
[WhiteElo "2382"]
[BlackElo "2412"]
[PlyCount "63"]
[EventDate "2022.07.30"]
[EventType "swiss (rapid)"]
[EventRounds "9"]
[EventCountry "POL"]
[SourceTitle "CBM 209 Extra"]
[Source "ChessBase"]
[SourceDate "2022.09.30"]
[SourceVersion "1"]
[SourceVersionDate "2022.09.30"]
[SourceQuality "1"]

1. e4 e5 2. Bc4 Nf6 3. d3 Nc6 4. Nc3 Bb4 5. Nge2 d5 6. exd5 Nxd5 7. 0-0 Nb6 8. Bb3 0-0 9. f4 Bg4 10. h3 Bc5+ 11. Kh1 exf4 12. Bxf4 Bh5 13. Qd2 Nd4 14. Nxd4 Bxd4 15. Rae1 Qd7 16. Ne4 Bxb2 17. c3 Ba3 18. Be5 Be7 19. Bd4 Bg6 20. Qf4 Nd5 21. Qe5 Nf6 22. Rxf6 Bxe4 23. Re6 Bf6 24. Qxe4 Kh8 25. Rxf6 Rae8 26. Qh4 Rxe1+ 27. Qxe1 c5 28. Rf4 cxd4 29. Rxd4 Qc6 30. Re4 g6 31. Re7 Qf6 32. Qe5 1-0